100 cartas-tipo inglés comercial: para la correspondencia internacional
Na minha lista:
| Principais autores: | , |
|---|---|
| Formato: | Livro |
| Idioma: | espanhol inglês |
| Publicado em: |
Barcelona
Océano
1999
|
| coleção: | Océano Langenscheidt
|
| Assuntos: | |
| Tags: |
Adicionar Tag
Sem tags, seja o primeiro a adicionar uma tag!
|
MARC
| LEADER | 00000nam a2200000 a 4500 | ||
|---|---|---|---|
| 001 | UCL8532 | ||
| 003 | CL-VaPUC | ||
| 008 | 040625e19990000SP |||||||||||||||||spa|d | ||
| 020 | |a 8495199505 | ||
| 041 | 0 | 7 | |a spa |2 CL-VaPUC |
| 041 | 0 | 7 | |a eng |2 CL-VaPUC |
| 082 | 0 | 4 | |a 428 |b ABE |2 21 |
| 100 | 0 | |a Abegg, B |e author |9 486415 | |
| 700 | 0 | |a Benford, M |e author |9 486416 | |
| 245 | 1 | 0 | |a 100 cartas-tipo inglés comercial: para la correspondencia internacional |
| 300 | |a 167 p | ||
| 942 | |c BK | ||
| 945 | |d 20040625 00:00:00 |a cmena | ||
| 260 | |a Barcelona |b Océano |c 1999 | ||
| 650 | 0 | |a Lengua inglesa |9 318842 | |
| 650 | 0 | |a Inglés comercial |9 323356 | |
| 650 | 7 | |a REDACCION COMERCIAL |2 CL-VaPUC |9 354223 | |
| 583 | |a last modification |c 20040625 00:00:00 |k Rodrigo Vera | ||
| 490 | 0 | |a Océano Langenscheidt | |
| 999 | |c 309767 |d 309765 | ||
| 952 | |0 0 |1 0 |4 0 |6 428_000000000000000_ABE_1999 |7 0 |8 A |9 377508 |a FDOPOS |b FDOPOS |d 2019-11-21 |i 4029895 |o 428 ABE 1999 |p 4029895 |r 2025-01-22 |w 2019-11-21 |y BK |k MLA | ||